[Event "14 ème Open Noel TOUR du ROY"]
[Site "Charleville"]
[Date "2017.12.26"]
[Round "5.6"]
[White "Hoch, Anna"]
[Black "Halfaoui, Eddine"]
[Result "0-1"]
[WhiteElo "1412"]
[BlackElo "2005"]
[PlyCount "96"]
[EventDate "2017.??.??"]

1. d4 d6 2. Nf3 Nf6 3. Bg5 Nbd7 4. Nbd2 g6 5. e3 Bg7 6. Bd3 O-O 7. O-O c5 8. c3
a6 9. Ne1 Qa5 10. f4 Rb8 11. Bh4 b5 12. f5 cxd4 13. exd4 b4 14. Nc4 Qc7 15. Nf3
bxc3 16. bxc3 Bb7 17. Qd2 Rfe8 18. Bg3 Be4 19. fxg6 hxg6 20. Rae1 Bxd3 21. Qxd3
Rbc8 22. Ncd2 Qxc3 23. Qxa6 Ra8 24. Qb5 Rxa2 25. Ne4 Qb2 26. Qxb2 Rxb2 27.
Nxf6+ Nxf6 28. h3 Kf8 29. Rc1 Nd5 30. Rfe1 Bf6 31. Ra1 Rc8 32. Rec1 Rxc1+ 33.
Rxc1 Kg7 34. Re1 Nc3 35. Kf1 d5 36. Bf2 Ne4 37. Be3 e6 38. Kg1 Be7 39. Kf1 Ng3+
40. Kg1 Nf5 41. Bf2 Bd6 42. Kf1 Bg3 43. Bxg3 Nxg3+ 44. Kg1 Ne2+ 45. Kf1 Nf4 46.
Ng5 Rxg2 47. Re5 Ra2 48. Ke1 Nd3+ 0-1

[Event "14 ème Open Noel TOUR du ROY"]
[Site "Charleville"]
[Date "2017.12.26"]
[Round "5.7"]
[White "Fleurentin, Arnaud"]
[Black "Marini, Franck"]
[Result "1-0"]
[WhiteElo "1796"]
[BlackElo "1630"]
[PlyCount "43"]
[EventDate "2017.??.??"]

1. c4 Nf6 2. Nc3 e6 3. e4 d6 4. Nf3 Be7 5. d4 c6 6. Bd3 d5 7. e5 Nfd7 8. c5 b6
9. b4 bxc5 10. bxc5 Ba6 11. O-O Bxd3 12. Qxd3 Qa5 13. Bd2 Qa6 14. Qe3 Nf8 15.
Rab1 Ng6 16. Rb2 O-O 17. Rfb1 Nd7 18. Rb7 Rfd8 19. Qe1 Rab8 20. Rxd7 Rxb1 21.
Rxd8+ Bxd8 22. Qxb1 1-0

[Event "14 ème Open Noel TOUR du ROY"]
[Site "Charleville"]
[Date "2017.12.26"]
[Round "5.8"]
[White "Vande Ginste, Michiel"]
[Black "Leclere, Jean-Yves"]
[Result "1-0"]
[WhiteElo "1757"]
[BlackElo "1695"]
[PlyCount "99"]
[EventDate "2017.??.??"]

1. e4 c5 2. Nf3 d6 3. d4 cxd4 4. Nxd4 a6 5. c4 Qc7 6. Nc3 e6 7. Be3 Nf6 8. Be2
Be7 9. O-O O-O 10. Rc1 Nbd7 11. f3 Ne5 12. Qd2 Bd7 13. Rfd1 Rfd8 14. Qe1 h6 15.
Qf2 Rac8 16. b3 Qb8 17. h3 Nc6 18. Kh1 e5 19. Nc2 Rf8 20. Na4 Be6 21. Nb6 Rcd8
22. Nd5 Nd7 23. Nxe7+ Nxe7 24. g4 Ng6 25. Nb4 Rc8 26. Rd2 Nc5 27. Rcd1 Rfd8 28.
Nd3 Nxd3 29. Bxd3 b5 30. cxb5 axb5 31. Ba7 Qb7 32. Bb6 Rf8 33. Bxb5 Nf4 34.
Rxd6 Nxh3 35. Qf1 Nf4 36. Ba6 Qe7 37. R1d2 Qh4+ 38. Rh2 Qg3 39. Bxc8 Bxc8 40.
Rd8 Ng6 41. Rxf8+ Kxf8 42. Qf2 Qf4 43. Bc5+ Kg8 44. Be3 Qf6 45. Qg3 Nf4 46.
Bxf4 exf4 47. Qe1 Be6 48. Qc1 g5 49. Qb2 Qe7 50. Rxh6 1-0

[Event "14 ème Open Noel TOUR du ROY"]
[Site "Charleville"]
[Date "2017.12.26"]
[Round "5.9"]
[White "Jacobs, Georges"]
[Black "Londers, Jan"]
[Result "0-1"]
[WhiteElo "1602"]
[BlackElo "1740"]
[PlyCount "74"]
[EventDate "2017.??.??"]

1. e4 c5 2. Nf3 e6 3. d4 cxd4 4. Nxd4 Nf6 5. Nc3 Nc6 6. Be2 Qc7 7. Be3 a6 8.
O-O Bb4 9. f3 b5 10. a4 Nxd4 11. Qxd4 Bd6 12. axb5 Bxh2+ 13. Kh1 Be5 14. Qc4
Qd8 15. f4 Bxc3 16. bxc3 axb5 17. Qd4 Bb7 18. Bf3 O-O 19. Rab1 Ra2 20. c4 Rxc2
21. cxb5 Nh5 22. Bxh5 Qh4+ 23. Kg1 Qxh5 24. Rbc1 Rxc1 25. Rxc1 Qxb5 26. Rc5
Qb1+ 27. Rc1 Qxe4 28. Qxe4 Bxe4 29. Rc4 Bc6 30. Rb4 Ra8 31. Bd2 f6 32. Rb2 Kf7
33. g3 Ra3 34. Kh2 Rf3 35. Bb4 h5 36. Bd6 Rf1 37. g4 h4 0-1

[Event "14 ème Open Noel TOUR du ROY"]
[Site "Charleville"]
[Date "2017.12.26"]
[Round "5.10"]
[White "Francois, Gwladys"]
[Black "Flamant, Jacky"]
[Result "1/2-1/2"]
[WhiteElo "1738"]
[BlackElo "1587"]
[PlyCount "118"]
[EventDate "2017.??.??"]

1. e4 e6 2. d4 d5 3. Nd2 dxe4 4. Nxe4 Nd7 5. Nf3 Ngf6 6. Nxf6+ Nxf6 7. g3 c5 8.
Bg2 cxd4 9. Qxd4 Qxd4 10. Nxd4 Bc5 11. Nb5 O-O 12. O-O Bd7 13. Nc3 Bc6 14. Bg5
Bxg2 15. Kxg2 Bd4 16. Bd2 Rac8 17. Rfc1 Rfd8 18. Be1 a6 19. Rab1 b5 20. Ne2 Bb6
21. c3 Ne4 22. Rd1 Nc5 23. f3 Nd3 24. Kf1 Ne5 25. Rxd8+ Rxd8 26. Kg2 Rd3 27. f4
Nf3 28. h3 Nxe1+ 29. Rxe1 Rd2 30. Kf3 Rxb2 31. a4 Kf8 32. axb5 Rxb5 33. Ra1 a5
34. Rd1 Ke7 35. Rd2 Rb3 36. Ra2 Kd6 37. Rd2+ Kc7 38. Ra2 Kc6 39. Ke4 f5+ 40.
Kd3 Kd5 41. Kc2 Rb5 42. Kd3 Kc6 43. Ra1 Rd5+ 44. Kc2 Be3 45. Nd4+ Bxd4 46. cxd4
Rb5 47. Kc3 Kd5 48. Re1 a4 49. Re5+ Kc6 50. Rxe6+ Kd7 51. Ra6 Rb3+ 52. Kc4 Rxg3
53. Rxa4 Rxh3 54. Ra7+ Kd6 55. Rxg7 Rh4 56. Rg5 Rxf4 57. Rh5 Re4 58. Rxh7 Re1
59. Rh6+ Re6 1/2-1/2

[Event "14 ème Open Noel TOUR du ROY"]
[Site "Charleville"]
[Date "2017.12.26"]
[Round "5.11"]
[White "Charbau, Yanick"]
[Black "Hacene, Ahmed"]
[Result "1-0"]
[WhiteElo "1553"]
[BlackElo "1708"]
[PlyCount "57"]
[EventDate "2017.??.??"]

1. d4 Nf6 2. c4 e6 3. Nf3 Be7 4. Nc3 d5 5. cxd5 exd5 6. Bg5 O-O 7. e3 Bg4 8.
Be2 Bxf3 9. Bxf3 c6 10. Bxf6 Bxf6 11. O-O Nd7 12. Bg4 Nb6 13. Na4 Nxa4 14. Qxa4
Be7 15. Rac1 f5 16. Bf3 Bd6 17. b4 a6 18. a3 b5 19. Qb3 c5 20. dxc5 Bc7 21.
Bxd5+ Kh8 22. Bxa8 Qxa8 23. Rfd1 h6 24. Rd7 Be5 25. Qd5 Qe8 26. Rd1 Bf6 27. c6
Kh7 28. c7 Qc8 29. Rd8 1-0

[Event "14 ème Open Noel TOUR du ROY"]
[Site "Charleville"]
[Date "2017.12.26"]
[Round "5.12"]
[White "Louis, Andre"]
[Black "Raguet, Boris"]
[Result "0-1"]
[WhiteElo "1696"]
[BlackElo "1543"]
[PlyCount "92"]
[EventDate "2017.??.??"]

1. e4 c5 2. Nc3 d6 3. g3 g6 4. Bg2 Bg7 5. d3 Nc6 6. f4 e6 7. Nf3 Nge7 8. O-O
O-O 9. Rb1 Rb8 10. Be3 Nd4 11. Ne2 Nxf3+ 12. Bxf3 b6 13. c3 Bb7 14. d4 f5 15.
Qb3 fxe4 16. Qxe6+ Kh8 17. Bxe4 Rf6 18. Qxf6 Bxf6 19. Bd3 Qd7 20. Kf2 Re8 21.
Rbd1 Qc6 22. Ke1 c4 23. Bc2 Nd5 24. Bg1 Ne3 25. Bxe3 Rxe3 26. Kd2 Re8 27. Rf2
Bc8 28. Kc1 Bg4 29. Re1 Re7 30. Kd2 Qe8 31. h4 Kg7 32. Bd1 Re3 33. Bc2 b5 34.
b4 cxb3 35. axb3 Bf5 36. Bxf5 gxf5 37. Ra1 Re7 38. b4 Qc6 39. Ra5 Qc4 40. Ra1
Kf8 41. Ra6 Qd5 42. Ra5 Ke8 43. Ra3 a5 44. Rh2 Qe4 45. Rf2 Qe3+ 46. Ke1 Qc1#
0-1

[Event "14 ème Open Noel TOUR du ROY"]
[Site "Charleville"]
[Date "2017.12.26"]
[Round "5.13"]
[White "Prioux, Michel"]
[Black "Mondeel, Paul"]
[Result "1-0"]
[WhiteElo "1689"]
[BlackElo "1508"]
[PlyCount "39"]
[EventDate "2017.??.??"]

1. c4 e5 2. g3 Nf6 3. Bg2 Be7 4. Nc3 O-O 5. d3 d6 6. Nf3 c6 7. Bg5 Be6 8. O-O
Qd7 9. Bxf6 Bxf6 10. Rb1 Bh3 11. Qc2 Bxg2 12. Kxg2 Qe7 13. b4 Nd7 14. Nd2 Rfc8
15. Nde4 h6 16. b5 Nc5 17. Nxc5 dxc5 18. Ne4 cxb5 19. Rxb5 b6 20. Qa4 (20. a4
Rc6 21. Rfb1 g5 22. a5 Rb8 23. axb6 Rcxb6 24. Nc3 Qb7+ 25. Kg1 Kg7 26. Nd5 Rxb5
27. cxb5 Qc8) 1-0

[Event "14 ème Open Noel TOUR du ROY"]
[Site "Charleville"]
[Date "2017.12.26"]
[Round "5.14"]
[White "Menoux, Joachim"]
[Black "Fauchart, Francois"]
[Result "1/2-1/2"]
[WhiteElo "1525"]
[BlackElo "1685"]
[PlyCount "90"]
[EventDate "2017.??.??"]

1. d4 d5 2. c4 c6 3. Nf3 Nf6 4. e3 e6 5. Nc3 b6 6. Bd3 Bd6 7. O-O O-O 8. e4
dxe4 9. Nxe4 Nxe4 10. Bxe4 Be7 11. Ne5 Bb7 12. Qh5 f5 13. Bc2 Qxd4 14. Nf3 Qg4
15. Qxg4 fxg4 16. Nd4 Bc8 17. Be4 Bd7 18. g3 Bc5 19. Be3 e5 20. Nb3 Be7 21. c5
b5 22. Rfd1 a5 23. a4 Be6 24. Nc1 bxa4 25. Rxa4 Bf5 26. Bxf5 Rxf5 27. Rxg4 Na6
28. Rd7 Rf7 29. Nd3 Bf6 30. Rd6 Rc8 31. Bd2 Be7 32. Rd7 Nxc5 33. Nxc5 Bxc5 34.
Rxf7 Kxf7 35. Bxa5 Bd4 36. Bc3 c5 37. Kf1 Kg8 38. Ke2 Rf8 39. f3 g6 40. f4 e4
41. f5 Rxf5 42. Bxd4 cxd4 43. Rxe4 Rb5 44. Rxd4 Rxb2+ 45. Rd2 Rb1 1/2-1/2

[Event "14 ème Open Noel TOUR du ROY"]
[Site "Charleville"]
[Date "2017.12.26"]
[Round "5.15"]
[White "Rolland, Camille"]
[Black "Vandervorst, Marc"]
[Result "0-1"]
[WhiteElo "1153"]
[BlackElo "1612"]
[PlyCount "34"]
[EventDate "2017.??.??"]

1. d4 g6 2. e4 Bg7 3. Nf3 d6 4. c3 Nf6 5. Qc2 O-O 6. Bg5 h6 7. Bh4 c5 8. Nbd2
cxd4 9. cxd4 Nc6 10. O-O-O Bg4 11. Nb3 Nb4 12. Qd2 a5 13. Kb1 Nxe4 14. Qf4 Bf5
15. Bd3 Nxd3 16. Rxd3 Nxf2 17. Ka1 Nxd3 0-1

[Event "14 ème Open Noel TOUR du ROY"]
[Site "Charleville"]
[Date "2017.12.26"]
[Round "5.16"]
[White "Calaresu, Tony"]
[Black "Regnier, Cedric"]
[Result "1-0"]
[WhiteElo "1344"]
[BlackElo "1479"]
[PlyCount "111"]
[EventDate "2017.??.??"]

1. d4 Nf6 2. Nf3 e6 3. e3 b6 4. b3 Bb7 5. Bd3 c5 6. Bb2 Nc6 7. O-O cxd4 8. exd4
Nb4 9. Be2 Rc8 10. c3 Nbd5 11. Ne5 Bd6 12. f4 O-O 13. Bd3 Ne3 14. Qe2 Nxf1 15.
Qxf1 Nh5 16. f5 f6 17. Ng4 Nf4 18. Bc2 exf5 19. Bxf5 Re8 20. Bc1 Ne2+ 21. Kh1
Nxc1 22. Qxc1 Qe7 23. Nd2 Bc6 24. Bd3 Qe6 25. Qd1 Kh8 26. Nf2 Qe3 27. Nde4 Qf4
28. Nxd6 Qxd6 29. Qh5 h6 30. Qg6 Kg8 31. Qh7+ Kf8 32. Qg6 Qe7 33. h3 Qf7 34.
Qg3 Re7 35. Qf4 Rce8 36. Qf5 Re1+ 37. Rxe1 Rxe1+ 38. Kh2 g6 39. Qf4 Ke7 40. Bc4
d5 41. Bd3 Bd7 42. Qf3 Qe6 43. Ng4 Qd6+ 44. g3 h5 45. Nh6 h4 46. Ng8+ Kd8 47.
Nxf6 Qxg3+ 48. Qxg3 hxg3+ 49. Kg2 Ra1 50. Kxg3 Rxa2 51. Nxd5 Be6 52. Nb4 Ra5
53. Nc6+ Kc7 54. Nxa5 bxa5 55. c4 Kd6 56. h4 1-0

[Event "14 ème Open Noel TOUR du ROY"]
[Site "Charleville"]
[Date "2017.12.26"]
[Round "5.17"]
[White "Boudry, Rik"]
[Black "Habart, Thomas"]
[Result "1-0"]
[WhiteElo "1322"]
[BlackElo "1450"]
[PlyCount "70"]
[EventDate "2017.??.??"]

1. e4 c5 2. Nc3 d6 3. g3 g6 4. Bg2 Bg7 5. Nge2 Nc6 6. d3 Nf6 7. Bg5 O-O 8. Qd2
Bg4 9. f3 Be6 10. Bh6 Qd7 11. Bxg7 Kxg7 12. Nf4 Nd4 13. Nxe6+ Qxe6 14. h4 Nh5
15. Kf2 Qd7 16. g4 Nf6 17. h5 Rh8 18. h6+ Kf8 19. Bh3 Qc7 20. g5 Nd7 21. Nd5
Qc6 22. c3 e6 23. Nf4 e5 24. Nd5 Nb5 25. f4 c4 26. Bxd7 Qxd7 27. fxe5 dxe5 28.
Rhf1 cxd3 29. Ke3 Nc7 30. Qxd3 Rd8 31. Rxf7+ Kxf7 32. Qf1+ Ke8 33. Nf6+ Ke7 34.
Nxd7 Kxd7 35. Qf7+ Kc8 1-0

[Event "14 ème Open Noel TOUR du ROY"]
[Site "Charleville"]
[Date "2017.12.26"]
[Round "5.18"]
[White "Toro, William"]
[Black "De Andrade, Mathis"]
[Result "1-0"]
[WhiteElo "1440"]
[BlackElo "1299"]
[PlyCount "65"]
[EventDate "2017.??.??"]

1. d4 Nf6 2. c4 g6 3. Nf3 Bg7 4. Bg5 d5 5. Bxf6 Bxf6 6. c5 O-O 7. e3 Nd7 8. Nc3
c6 9. Bd3 e5 10. O-O e4 11. Bxe4 dxe4 12. Nxe4 Bg7 13. Nfg5 f5 14. Ne6 Qe7 15.
Nxf8 fxe4 16. Nxd7 Bxd7 17. Qb3+ Be6 18. Qc2 Bg4 19. h3 Bd7 20. Rad1 Re8 21. d5
Qg5 22. dxc6 Bxh3 23. f4 exf3 24. Rxf3 Bg4 25. Qc4+ Kh8 26. Rg3 Be6 27. Qxe6
Rxe6 28. Rxg5 h6 29. cxb7 Re8 30. Rxg6 Be5 31. Rd3 Kh7 32. Ra6 Bb8 33. c6 1-0

[Event "14 ème Open Noel TOUR du ROY"]
[Site "Charleville"]
[Date "2017.12.26"]
[Round "5.19"]
[White "Laureys, Jo"]
[Black "Picot, Nathan"]
[Result "1-0"]
[WhiteElo "1388"]
[BlackElo "1203"]
[PlyCount "50"]
[EventDate "2017.??.??"]

1. d4 d5 2. Nf3 Nf6 3. b3 Bf5 4. Bb2 e6 5. a3 a6 6. Nbd2 Bd6 7. e3 Nc6 8. g3
Qe7 9. Bg2 O-O-O 10. Nh4 Bg4 11. Nhf3 Ne4 12. c4 h5 13. c5 Bxc5 14. dxc5 Rdg8
15. b4 h4 16. Rg1 h3 17. Bh1 f6 18. Qc2 Bf5 19. Nh4 Nxd2 20. Qxd2 Rh5 21. Nxf5
Rxf5 22. a4 Ne5 23. Bxe5 Rxe5 24. f4 Rh5 25. Bf3 Rh6 1-0

[Event "14 ème Open Noel TOUR du ROY"]
[Site "Charleville"]
[Date "2017.12.26"]
[Round "5.20"]
[White "Decruyenaere, Pierre-Stephane"]
[Black "Cieplucha, Yannis"]
[Result "0-1"]
[WhiteElo "1255"]
[BlackElo "1110"]
[PlyCount "72"]
[EventDate "2017.??.??"]

1. e4 e5 2. Nf3 Nc6 3. d4 Bd6 4. Bc4 b6 5. Ng5 Nh6 6. Bd5 O-O 7. O-O Bb7 8. c3
Rb8 9. Nf3 Qf6 10. Bg5 Qg6 11. h3 Kh8 12. Qd2 f6 13. Bxh6 gxh6 14. Nh4 Qe8 15.
Qxh6 Ne7 16. Nd2 Bxd5 17. exd5 Nxd5 18. Nf5 Rf7 19. Rae1 Nf4 20. g3 Qe6 21. g4
Bf8 22. Qh4 Qd5 23. Ne4 d6 24. f3 Nd3 25. Re2 Nf4 26. Nxf6 Qe6 27. Ne4 Nxe2+
28. Kf2 Be7 29. Ng5 Bxg5 30. Qxg5 Nf4 31. Rh1 Rg8 32. Qh4 Ng6 33. Qg5 Ne7 34.
Qh4 Nxf5 35. gxf5 Qxf5 36. Qe4 Qxe4 0-1

[Event "14 ème Open Noel TOUR du ROY"]
[Site "Charleville"]
[Date "2017.12.26"]
[Round "5.21"]
[White "Vielle, Eric"]
[Black "Toro, Raphael"]
[Result "1-0"]
[WhiteElo "1250"]
[BlackElo "1280"]
[PlyCount "87"]
[EventDate "2017.??.??"]

1. e4 e5 2. Nf3 Nc6 3. Bc4 Bc5 4. d3 Nf6 5. Nc3 d6 6. Bg5 Bg4 7. Nd5 Nd4 8. h3
Be6 9. Nxd4 Bxd4 10. Nxf6+ gxf6 11. Bxe6 fxe6 12. Qh5+ Kd7 13. Qf7+ Qe7 14.
Qxe7+ Kxe7 15. Bh6 Bxb2 16. Rb1 Bc3+ 17. Ke2 Rhg8 18. Rxb7 Kd7 19. g4 Rgb8 20.
Rxb8 Rxb8 21. Bd2 Rb2 22. Bxc3 Rxc2+ 23. Ke3 Rxc3 24. Rb1 Ra3 25. Rb2 Kc6 26.
h4 d5 27. exd5+ exd5 28. g5 fxg5 29. hxg5 Kd6 30. f4 Ke6 31. Rf2 Ra4 32. f5+
Kf7 33. f6 e4 34. d4 Ra3+ 35. Kf4 e3 36. Re2 Rd3 37. Ke5 c6 38. a4 Rd2 39. Rxe3
Rg2 40. Kf5 Rf2+ 41. Kg4 Kg6 42. Re6 Rf5 43. f7+ Kxf7 44. Kxf5 1-0

[Event "14 ème Open Noel TOUR du ROY"]
[Site "Charleville"]
[Date "2017.12.26"]
[Round "6.1"]
[White "Van Malder, Dries"]
[Black "Joie, Sebastien"]
[Result "0-1"]
[WhiteElo "2018"]
[BlackElo "2363"]
[PlyCount "200"]
[EventDate "2017.??.??"]

1. d4 d5 2. c4 e6 3. Nc3 a6 4. cxd5 exd5 5. Nf3 Nf6 6. Bf4 Bd6 7. Bxd6 Qxd6 8.
e3 Nc6 9. Bd3 O-O 10. O-O Bg4 11. a3 Rfe8 12. Qc2 Bxf3 13. gxf3 g6 14. Na4 Nd8
15. Rac1 Ne6 16. Nc5 Nxc5 17. Qxc5 Qxc5 18. Rxc5 c6 19. Rb1 Nd7 20. Rc2 f5 21.
f4 Kf7 22. Kf1 Ke6 23. Ke2 Kd6 24. Rbc1 Rec8 25. Kd2 b6 26. Rc3 c5 27. b3 Nf8
28. Be2 Ne6 29. Bf3 Rab8 30. Kd3 Rc7 31. Be2 cxd4 32. Rxc7 Nxc7 33. Kxd4 Ne6+
34. Kc3 a5 35. b4 Rc8+ 36. Kd2 Rxc1 37. Kxc1 axb4 38. axb4 d4 39. Kd2 dxe3+ 40.
Kxe3 Nc7 41. Bc4 Ne8 42. f3 Nf6 43. Kd4 Nh5 44. Ke3 Kc6 45. Bg8 Nf6 46. Bc4 Kd6
47. Kd4 Nh5 48. Ke3 Ke7 49. Bg8 Kf6 50. h4 Kg7 51. Bd5 Kh6 52. Bc4 Nf6 53. Kf2
Kh5 54. Kg3 Ne8 55. Kh3 Nc7 56. Kg3 Kh6 57. Kf2 Kg7 58. Ke3 b5 59. Be2 Nd5+ 60.
Kf2 Nxf4 61. Bxb5 Nd5 62. Be2 Nxb4 63. f4 Nd5 64. Kg3 Nc3 65. Bf3 Ne4+ 66. Kh3
Kf6 67. Be2 Ke6 68. Bc4+ Kd6 69. Ba2 Nf6 70. Kg3 Kc5 71. Kf3 Kd4 72. Bf7 Kd3
73. Be6 Kd2 74. Bf7 Ke1 75. Bc4 Kd2 76. Bf7 Kd3 77. Bb3 Kc3 78. Bf7 Kd4 79. Bb3
Kc5 80. Bf7 Kd6 81. Bb3 Ke7 82. Bc4 Ne4 83. Bd5 Nf6 84. Bc4 Kf8 85. Bb3 Kg7 86.
Ba2 Kh6 87. Bc4 Ne4 88. Bb5 Kh5 89. Be2 Kxh4 90. Kg2 h6 91. Bc4 Kg4 92. Bf7 g5
93. fxg5 hxg5 94. Be6 Kf4 95. Bc8 g4 96. Bd7 Kg5 97. Be6 f4 98. Bd5 f3+ 99. Kf1
Kf4 100. Kg1 Nc3 0-1

[Event "14 ème Open Noel TOUR du ROY"]
[Site "Charleville"]
[Date "2017.12.26"]
[Round "6.2"]
[White "Loiret, Stanislas"]
[Black "Boudry, William"]
[Result "0-1"]
[WhiteElo "2225"]
[BlackElo "2042"]
[PlyCount "82"]
[EventDate "2017.??.??"]

1. e4 d6 2. Nc3 Nf6 3. f4 e5 4. Nf3 Nbd7 5. Bc4 Be7 6. d3 c6 7. a4 a5 8. O-O
O-O 9. Kh1 Qc7 10. fxe5 dxe5 11. Be3 Bc5 12. Qd2 b6 13. Nh4 Bxe3 14. Qxe3 Nc5
15. Nf5 Ne8 16. Rf3 Be6 17. b3 Nd6 18. g4 Kh8 19. Rg1 g6 20. Rh3 f6 21. Nxd6
Qxd6 22. Qh6 Qe7 23. Qxg6 Rg8 24. Qh5 Rg5 25. Qh4 Rag8 26. Bxe6 Nxe6 27. Ne2
R8g6 28. Qf2 Qg7 29. Rhg3 c5 30. Qf3 Rh6 31. h3 Rh4 32. R1g2 Qh6 33. Kg1 Rg6
34. Rf2 Ng5 35. Qg2 Nxh3+ 36. Rxh3 Rxh3 37. Rf3 Rxf3 38. Qxf3 Qh4 39. Kf1 Qxg4
40. Qf2 Rh6 41. Ke1 Qh4 0-1

[Event "14 ème Open Noel TOUR du ROY"]
[Site "Charleville"]
[Date "2017.12.26"]
[Round "6.3"]
[White "Smailovic, Omer"]
[Black "Fleurentin, Arnaud"]
[Result "1-0"]
[WhiteElo "1995"]
[BlackElo "1796"]
[PlyCount "83"]
[EventDate "2017.??.??"]

1. Nf3 Nf6 2. b3 g6 3. Bb2 Bg7 4. d4 O-O 5. Nbd2 d5 6. e3 Bf5 7. h3 c6 8. Ne5
Nbd7 9. g4 Be6 10. f4 Nxe5 11. dxe5 Ne4 12. Nxe4 dxe4 13. Qxd8 Raxd8 14. Bg2 f5
15. exf6 exf6 16. Bxe4 Rfe8 17. Bf3 Bd5 18. Bxd5+ Rxd5 19. Ke2 Bh6 20. Rhf1 Kf7
21. c4 Rd7 22. g5 Bg7 23. gxf6 Bxf6 24. Bxf6 Kxf6 25. Rad1 Rde7 26. Rd3 Kf5 27.
Kf3 Re4 28. h4 h6 29. Rg1 R8e6 30. Kf2 b6 31. Rg3 a6 32. Rd7 b5 33. Rf7+ Rf6
34. Rxf6+ Kxf6 35. Kf3 Re8 36. cxb5 axb5 37. Rg2 Kf5 38. Rc2 Re6 39. a4 bxa4
40. bxa4 g5 41. hxg5 hxg5 42. e4+ 1-0

[Event "14 ème Open Noel TOUR du ROY"]
[Site "Charleville"]
[Date "2017.12.26"]
[Round "6.4"]
[White "Halfaoui, Eddine"]
[Black "Rouffignac, Tanguy"]
[Result "0-1"]
[WhiteElo "2005"]
[BlackElo "2274"]
[PlyCount "126"]
[EventDate "2017.??.??"]

1. d4 Nf6 2. Nf3 g6 3. g3 Bg7 4. Bg2 O-O 5. O-O d6 6. c4 a6 7. Nc3 Nc6 8. a3
Rb8 9. d5 Na5 10. Nd2 b5 11. cxb5 axb5 12. Qc2 e6 13. Rb1 exd5 14. Nxd5 Nxd5
15. Bxd5 Bf5 16. Be4 Bxe4 17. Nxe4 Re8 18. Bg5 f6 19. Bd2 Nc4 20. Bc3 Qe7 21.
Nd2 Qxe2 22. Rbe1 Qxe1 23. Rxe1 Rxe1+ 24. Kg2 Nxd2 25. Bxd2 Re7 26. Ba5 Kh8 27.
Qc6 f5 28. b3 Bd4 29. Qd5 Be5 30. Bd2 Kg7 31. h4 h5 32. Bc1 Bf6 33. Qd2 Rbe8
34. Qh6+ Kf7 35. Qh7+ Bg7 36. Bh6 Rg8 37. Kf3 d5 38. Bxg7 Rxg7 39. Qh8 Re8 40.
Qh6 Kg8 41. Qd2 c6 42. Qc3 Re6 43. a4 bxa4 44. bxa4 Rd7 45. a5 d4 46. Qd3 c5
47. a6 Ra7 48. Qc4 Raxa6 49. Qxc5 Rad6 50. Qc8+ Kf7 51. Qc7+ Ke8 52. Qb8+ Ke7
53. Qb7+ Rd7 54. Qb4+ Kf7 55. Qb5 Red6 56. Qd3 Kg7 57. Kf4 Rc6 58. Qb5 Rcd6 59.
Qe5+ Kh6 60. Qe2 d3 61. Qd2 Rc6 62. f3 Rc2 63. Qd1 d2 0-1

[Event "14 ème Open Noel TOUR du ROY"]
[Site "Charleville"]
[Date "2017.12.26"]
[Round "6.5"]
[White "Monceau, Etienne"]
[Black "Vande Ginste, Michiel"]
[Result "1-0"]
[WhiteElo "1987"]
[BlackElo "1757"]
[PlyCount "67"]
[EventDate "2017.??.??"]

1. d4 Nf6 2. c4 e6 3. Nf3 Bb4+ 4. Bd2 a5 5. g3 O-O 6. Bg2 d6 7. O-O Nc6 8. Bg5
a4 9. a3 Ba5 10. Qxa4 Bd7 11. Qc2 h6 12. Bxf6 Qxf6 13. Rd1 Ne7 14. Nc3 Bxc3 15.
Qxc3 Rab8 16. e4 Ng6 17. Rac1 Rbd8 18. e5 Qe7 19. exd6 cxd6 20. h4 Rfe8 21. Ne1
b6 22. Nd3 Rc8 23. Qd2 Ba4 24. Re1 Bb3 25. Qb4 Ba2 26. d5 Qa7 27. dxe6 fxe6 28.
Be4 Nf8 29. Qxd6 Bxc4 30. Ne5 Red8 31. Qb4 Bd5 32. Bxd5 Rxc1 33. Rxc1 Rxd5 34.
Nc6 1-0

[Event "14 ème Open Noel TOUR du ROY"]
[Site "Charleville"]
[Date "2017.12.26"]
[Round "6.6"]
[White "Pytel, Krzysztof"]
[Black "Prioux, Michel"]
[Result "1-0"]
[WhiteElo "2304"]
[BlackElo "1689"]
[PlyCount "26"]
[EventDate "2017.??.??"]

1. Nf3 Nf6 2. d4 e6 3. e3 c5 4. Bd3 cxd4 5. exd4 b6 6. O-O Be7 7. Re1 Bb7 8.
Nbd2 O-O 9. c3 d6 10. a4 Nbd7 11. a5 Re8 12. a6 Bc8 13. Qc2 g6 1-0

[Event "14 ème Open Noel TOUR du ROY"]
[Site "Charleville"]
[Date "2017.12.26"]
[Round "6.7"]
[White "Vandervorst, Marc"]
[Black "Pytel, Bozena"]
[Result "0-1"]
[WhiteElo "1612"]
[BlackElo "1882"]
[PlyCount "39"]
[EventDate "2017.??.??"]

1. e4 e5 2. Nf3 Nc6 3. Bc4 Bc5 4. d3 Nf6 5. Nc3 d6 6. h3 O-O 7. Bg5 h6 8. Be3
Bb6 9. O-O Kh7 10. Nd5 Nxd5 11. exd5 Ne7 12. Bxb6 axb6 13. Nd2 Ng6 14. d4 f5
15. dxe5 dxe5 16. Qh5 Nf4 17. Qf3 Bd7 18. Rae1 Qf6 19. Kh2 Ng6 20. g3 0-1

[Event "14 ème Open Noel TOUR du ROY"]
[Site "Charleville"]
[Date "2017.12.26"]
[Round "6.8"]
[White "Decruyenaere, Robbert"]
[Black "Charbau, Yanick"]
[Result "1-0"]
[WhiteElo "1779"]
[BlackElo "1553"]
[PlyCount "53"]
[EventDate "2017.??.??"]

1. e4 c5 2. Nf3 Nc6 3. d4 cxd4 4. Nxd4 Nf6 5. f3 e6 6. Be3 Be7 7. Nc3 O-O 8.
Qd2 a6 9. O-O-O b5 10. g4 Nxd4 11. Bxd4 d6 12. h4 e5 13. Be3 Be6 14. h5 Qc7 15.
g5 Nd7 16. g6 Rfc8 17. Rh2 Nf8 18. Nd5 Bxd5 19. Qxd5 hxg6 20. hxg6 Nxg6 21. Bh3
Rd8 22. Rdh1 Qc4 23. Qxc4 bxc4 24. Bf5 Bf6 25. Bb6 Rf8 26. Rh8+ Nxh8 27. Bh7#
1-0

[Event "14 ème Open Noel TOUR du ROY"]
[Site "Charleville"]
[Date "2017.12.26"]
[Round "6.9"]
[White "Londers, Jan"]
[Black "Raguet, Boris"]
[Result "1-0"]
[WhiteElo "1740"]
[BlackElo "1543"]
[PlyCount "33"]
[EventDate "2017.??.??"]

1. e4 c5 2. Nc3 d6 3. f4 Nc6 4. Nf3 g6 5. Bc4 Bg7 6. O-O e6 7. d3 Bd7 8. Qe1
Nge7 9. Kh1 O-O 10. f5 exf5 11. Qh4 Nc8 12. Bg5 Qa5 13. Bh6 Kh8 14. Ng5 Ne5 15.
Nd5 Rg8 16. Nxh7 Ng4 17. Bg5 1-0

[Event "14 ème Open Noel TOUR du ROY"]
[Site "Charleville"]
[Date "2017.12.26"]
[Round "6.10"]
[White "Hoch, Anna"]
[Black "Francois, Gwladys"]
[Result "1/2-1/2"]
[WhiteElo "1412"]
[BlackElo "1738"]
[PlyCount "76"]
[EventDate "2017.??.??"]

1. d4 Nf6 2. Nf3 g6 3. Bg5 Bg7 4. Nbd2 d6 5. e3 Nbd7 6. Bd3 O-O 7. O-O c5 8. c3
a6 9. Ne1 Rb8 10. f4 Nb6 11. h3 Bd7 12. Bh4 Bc6 13. f5 Nbd5 14. Qe2 cxd4 15.
exd4 Re8 16. Qf2 Rf8 17. Nc2 Qd7 18. c4 Nc7 19. d5 Ncxd5 20. cxd5 Bxd5 21. Nb4
Bc6 22. fxg6 hxg6 23. Qg3 Nh5 24. Qf2 Bxb2 25. Rab1 Bf6 26. Bxf6 Nxf6 27. Nxc6
Qxc6 28. Rbe1 Qd7 29. Qh4 Kg7 30. Qg5 Rbe8 31. Bf5 Qc7 32. Ne4 Nxe4 33. Bxe4 b6
34. Bxg6 Qc5+ 35. Qxc5 bxc5 36. Bd3 a5 37. Re4 Rg8 38. h4 d5 1/2-1/2

[Event "14 ème Open Noel TOUR du ROY"]
[Site "Charleville"]
[Date "2017.12.26"]
[Round "6.11"]
[White "Leclere, Jean-Yves"]
[Black "Menoux, Joachim"]
[Result "1-0"]
[WhiteElo "1695"]
[BlackElo "1525"]
[PlyCount "160"]
[EventDate "2017.??.??"]

1. e4 e6 2. d4 d5 3. Nd2 Nf6 4. e5 Nfd7 5. Bd3 c5 6. c3 Nc6 7. Ngf3 cxd4 8.
cxd4 f6 9. exf6 Nxf6 10. O-O Bd6 11. Re1 O-O 12. Nb3 b6 13. Ne5 Bxe5 14. dxe5
Nd7 15. f4 Nc5 16. Nxc5 bxc5 17. Qg4 c4 18. Bb1 Nd4 19. Be3 Nf5 20. Bf2 Nh6 21.
Qf3 Bb7 22. g3 Qd7 23. Bc2 d4 24. Be4 Rab8 25. Rad1 Nf7 26. Bxb7 Qxb7 27. Qxb7
Rxb7 28. Bxd4 Rd8 29. Bc3 Rbd7 30. Rxd7 Rxd7 31. Kf1 Nh6 32. Bb4 Ng4 33. Kg1
Ne3 34. Bd6 Rb7 35. Bc5 Nd5 36. Bd4 Kf7 37. Rf1 Kg6 38. Rf3 Kf5 39. Rf2 Ke4 40.
Rd2 Nb4 41. Bc3 Nxa2 42. Rd6 Nxc3 43. bxc3 Rb3 44. Rxe6 Rxc3 45. Re7 Rc1+ 46.
Kg2 c3 47. e6 c2 48. Rc7 Kf5 49. e7 Re1 50. Rc5+ Kf6 51. Rxc2 Rxe7 52. Ra2 g6
53. Ra6+ Kg7 54. Ra2 Kh6 55. Ra5 Re2+ 56. Kh3 Re7 57. Ra2 Kg7 58. Ra6 Kf8 59.
Kg4 Ke8 60. h4 Kf8 61. h5 gxh5+ 62. Kxh5 Rb7 63. g4 Kg7 64. g5 Kf7 65. Rf6+ Kg7
66. Ra6 Kf7 67. f5 Kg7 68. Re6 Rc7 69. f6+ Kf8 70. Kh6 Rc5 71. Re7 Kg8 72. Rg7+
Kh8 73. Rxh7+ Kg8 74. Rxa7 Rc6 75. Kg6 Rc8 76. Re7 Kf8 77. Kf5 Rc5+ 78. Re5 Rc7
79. g6 Ra7 80. f7 Ra6 1-0